| 000 | 00954cab a2200241 4500 | ||
|---|---|---|---|
| 001 | ABS47084 | ||
| 008 | 090401t1992 xxu||||| |||| 00| 0 eng d | ||
| 035 | _a(Sirsi) u60755 | ||
| 041 | _aeng | ||
| 100 | _aCheffings, N. | ||
| 245 | _aOral hearings at rent review: a personal view | ||
| 260 | _c1992 | ||
| 350 | _a0 | ||
| 490 |
_aRent Review & Lease Renewal _v12(4) Summer 1992, 258-366(5) |
||
| 520 | _aTraces the stages of an oral hearing and reviews such aspects as preparation, administration and cost. The article points out that expense, time and effort will be required, but accepts there are advantages to be gained in appropriate circumstances. | ||
| 650 | _aMANAGEMENT-DISPUTE AVOIDANCE, MANAGEMENT AND RESOLUTION-DISPUTE MANAGEMENT AND RESOLUTION-ARBITRATION | ||
| 650 | _aORAL HEARING | ||
| 650 | _aRENT REVIEWS | ||
| 650 |
_aValuation _96273 |
||
| 690 | _aLANDLORD AND TENANT-RENT REVIEWS | ||
| 942 | _n0 | ||
| 948 | _c04/03/1997 | ||
| 999 |
_c37544 _d37544 |
||